| 000 | 00647nam a22001817a 4500 | ||
|---|---|---|---|
| 999 |
_c15008 _d15008 |
||
| 003 | OSt | ||
| 082 | _2631.56 DHA/DE | ||
| 088 | _aP 280 | ||
| 100 |
_aDHANASREE B _aSNEHA SUKUMARAN _aVITHU PRABHA _93876 |
||
| 245 | _aDevelopment of process protocol for banana flour | ||
| 260 |
_aTavanur 2014 _bDepartment of Post-Harvest Technology and Agricultural Processing |
||
| 300 | _a50 | ||
| 500 | _aDevelopment of process protocol for banana flour | ||
| 520 | _aDevelopment of process protocol for banana flour | ||
| 700 |
_aDr. Sudheer K. P (Guide) _93877 |
||
| 856 | _uhttps://drive.google.com/open?id=1Sa0mimktz5lfKRX-Sy-IdsJNNO10odL8 | ||
| 942 | _cPR | ||